<?xml version="1.0" encoding="UTF-8"?>
<record
    xmlns:xsi="http://www.w3.org/2001/XMLSchema-instance"
    xsi:schemaLocation="http://www.loc.gov/MARC21/slim http://www.loc.gov/standards/marcxml/schema/MARC21slim.xsd"
    xmlns="http://www.loc.gov/MARC21/slim">

  <leader>01306nam a2200253   4500</leader>
  <datafield tag="999" ind1=" " ind2=" ">
    <subfield code="c">4901</subfield>
    <subfield code="d">4901</subfield>
  </datafield>
  <controlfield tag="003">DO-SdBJH</controlfield>
  <controlfield tag="005">20181002191611.0</controlfield>
  <controlfield tag="008">181002b           ||||| |||| 00| 0 spa d</controlfield>
  <datafield tag="020" ind1=" " ind2=" ">
    <subfield code="a">9789945120526</subfield>
  </datafield>
  <datafield tag="040" ind1=" " ind2=" ">
    <subfield code="a">DO-SdBJH</subfield>
    <subfield code="b">spa</subfield>
    <subfield code="c">DO-SdBJH</subfield>
  </datafield>
  <datafield tag="082" ind1=" " ind2=" ">
    <subfield code="a">972.93</subfield>
    <subfield code="b">H565c 2008</subfield>
  </datafield>
  <datafield tag="100" ind1=" " ind2="1">
    <subfield code="a">Herrera Cabral, C&#xE9;sar A.</subfield>
    <subfield code="d">1910- 1989</subfield>
  </datafield>
  <datafield tag="245" ind1="1" ind2="0">
    <subfield code="a">Cuadros hist&#xF3;ricos dominicanos</subfield>
    <subfield code="c"> C&#xE9;sar A. Herrera Cabral</subfield>
  </datafield>
  <datafield tag="260" ind1=" " ind2=" ">
    <subfield code="a">Santo Domingo</subfield>
    <subfield code="b">Editora B&#xFA;ho</subfield>
    <subfield code="c">2008</subfield>
  </datafield>
  <datafield tag="300" ind1=" " ind2=" ">
    <subfield code="a">293 p&#xE1;ginas</subfield>
  </datafield>
  <datafield tag="490" ind1=" " ind2=" ">
    <subfield code="a">Archivo General de la Naci&#xF3;n</subfield>
    <subfield code="v">v. 66</subfield>
  </datafield>
  <datafield tag="504" ind1=" " ind2=" ">
    <subfield code="a">Incluye indice onom&#xE1;stico</subfield>
  </datafield>
  <datafield tag="505" ind1=" " ind2="2">
    <subfield code="a">9- Advertencia. 11- Liminar.  13- Espa&#xF1;a y santo Domingo. 19- Naufragio de una flotilla haitiana. 25- Anexionistas los restauradores. 31-Armas de Norteam&#xE9;rica para la guerra de la restauraci&#xF3;n. 37- Episodios de la guerra de la restauraci&#xF3;n. 41-Los 21 tiros de cambiaso.  45- Luper&#xF3;n y Cabral, h&#xE9;roes dividido por la gloria. 49- Una gobernaci&#xF3;n innecesaria. 53- De la anexi&#xF3;n a los Estados Unidos. 57- Raymond H. Perry, un c&#xF3;nsul agresivo. </subfield>
  </datafield>
  <datafield tag="650" ind1=" " ind2="4">
    <subfield code="a">Literatura dominicana</subfield>
    <subfield code="v">Relatos</subfield>
    <subfield code="x">Hechos historicos</subfield>
    <subfield code="z">Rep&#xFA;blica Dominicana</subfield>
  </datafield>
  <datafield tag="700" ind1=" " ind2=" ">
    <subfield code="a">Dom&#xED;nguez Novas, Juan Fco.</subfield>
    <subfield code="e">Edici&#xF3;n y diagramaci&#xF3;n</subfield>
  </datafield>
  <datafield tag="700" ind1=" " ind2=" ">
    <subfield code="a">Fajardo, Puro</subfield>
    <subfield code="e">Dise&#xF1;o</subfield>
  </datafield>
  <datafield tag="700" ind1=" " ind2=" ">
    <subfield code="a">Cuesta, Modesto</subfield>
    <subfield code="e">Dise&#xF1;o de cubierta</subfield>
  </datafield>
  <datafield tag="942" ind1=" " ind2=" ">
    <subfield code="2">ddc</subfield>
    <subfield code="c">BK</subfield>
  </datafield>
  <datafield tag="952" ind1=" " ind2=" ">
    <subfield code="0">0</subfield>
    <subfield code="1">0</subfield>
    <subfield code="2">ddc</subfield>
    <subfield code="4">0</subfield>
    <subfield code="7">0</subfield>
    <subfield code="8">RD</subfield>
    <subfield code="a">BAMBC</subfield>
    <subfield code="b">BAMBC</subfield>
    <subfield code="c">GEN</subfield>
    <subfield code="d">2018-10-02</subfield>
    <subfield code="i">18-AERD-03436</subfield>
    <subfield code="l">0</subfield>
    <subfield code="o">RD 972.93 H565c 2008</subfield>
    <subfield code="p">18-AERD-03436</subfield>
    <subfield code="r">2018-10-02 00:00:00</subfield>
    <subfield code="t">Ej. 1</subfield>
    <subfield code="w">2018-10-02</subfield>
    <subfield code="y">BK</subfield>
  </datafield>
</record>
